• 首页
  • 本馆介绍
  • 公告通知
  • 最新文献
  • 馆藏检索
  • 电子资源
  • 读者导购
  • 参考咨询
  • 我的图书馆
  • 登录
  • 详细信息显示
  • 放入我的书架
  • 预约/预借图书
  • 作者相关作品
  • 分类相关作品
  • 丛书相关作品
  • 出版社相关作品

书目信息

  • 表格格式
  • 工作单格式
  • 卡片格式
题名:
圆号初级教程
    
 
作者: 丛煜滋 编著
分册:  
出版信息: 北京   同心出版社  2001
页数: 228页
开本: 29cm
丛书名: 西洋乐器教程系列丛书
单 册:
中图分类: J621.8
科图分类:
主题词: 圆号--吹奏法--教材 , 圆号 , 吹奏法
电子资源:
ISBN: 7-80593-518-1
000 00682nam0 2200265 45
001 (011001)c2001090223
005 20031219104107.9
010    @a7-80593-518-1@dCNY22.00
100    @a20001227d2001 em y0chiy0110 ea
101 0  @achi
102    @aCN@b110000
105    @aag z 000yd
106    @ar
200 1  @a圆号初级教程@f丛煜滋编著
210    @a北京@c同心出版社@d2001
215    @a228页@c照片@d29cm
225 2  @a西洋乐器教程系列丛书
461  0 @12001 @a西洋乐器教程系列丛书
606 0  @a圆号@x吹奏法@j教材
606 0  @a圆号
606 0  @a吹奏法
690    @aJ621.8@v4
701  0 @a丛煜滋@4编著
801    @aCN@bTSTC@c20030324
905    @b321267-272@dJ621.8@e111@f6
    
    圆号初级教程/丛煜滋编著.-北京:同心出版社,2001
    228页:照片;29cm.-(西洋乐器教程系列丛书)
    
    
    ISBN 7-80593-518-1:CNY22.00
    
●
相关链接 在E读中查询图书 在五车中查询图书 在当当中查询图书 在豆瓣中查询图书


正题名:圆号初级教程     索取号:J621.8/111         预约/预借

序号 登录号 条形码 馆藏地/架位号 状态 备注
1 0321267   203212674   第一借阅区/ [索取号:J621.8/111] 在馆    
2 0321268   203212683   第一借阅区/ [索取号:J621.8/111] 在馆    
3 0321269   203212692   第一借阅区/ [索取号:J621.8/111] 在馆    
4 0321270   203212709   第一借阅区/ [索取号:J621.8/111] 在馆    
5 0321271   203212718   第一借阅区/ [索取号:J621.8/111] 在馆    
6 0321272   203212727   第一样本阅览室/ [索取号:J621.8/111] 在馆    
唐山师范学院图书馆 欢迎您!
大连网信软件有限公司© 版权所有